Normal view
MARC view
- Barker, Ernest, Sir
Entry Personal Name
001 - CONTROL NUMBER
- control field: 105308
003 - CONTROL NUMBER IDENTIFIER
- control field: NUST
005 - DATE AND TIME OF LATEST TRANSACTION
- control field: 20221220111844.0
008 - FIXED-LENGTH DATA ELEMENTS
- fixed length control field: 221220|| aca||aabn | a|a d
040 ## - CATALOGING SOURCE
- Original cataloging agency: NUST
- Transcribing agency: NUST
100 ## - HEADING--PERSONAL NAME
- Personal name: Barker, Ernest, Sir
670 ## - SOURCE DATA FOUND
- Source citation: Work cat.: (NUST)184901: Barker, Ernest, Sir,, Greek political theory, Plato and his predecessors / , [1960]
